000 00905nam a2200265 i 4500
001 bg
100 1 _aLESZCZYŃSKI, Zbigniew
245 1 0 _aZarządzanie firmą produkcyjną za pomocą rachunkowości zarządczej i kontrolingu finansowego :
_bporadnik menedżera /
_cZbigniew Leszczyński, Tomasz Wnuk ; Fundacja Rozwoju Rachunkowości w Polsce.
260 _aWarszawa :
_bnakł. FRR,
_c1996.
300 _a376 s. :
_bwykr. ;
_c24 cm.
504 _aBibliogr. s. 375-376.
650 9 _aPrzedsiębiorstwo
_xfinanse
_xkontrola
650 9 _aPrzedsiębiorstwo
_xfinanse
_xplanowanie
650 9 _aRachunkowość zarządcza
_xmetody
650 9 _aZarządzanie
655 _aPoradniki
700 1 _aWNUK, Tomasz
020 _a8386543760
040 _cBPK
041 0 _apl
080 _a657::66/69:658.14/.17.01
920 _a83-86543-76-0
942 _cKS
008 s pl f |000 0 pol
999 _c31254
_d31254
856 _uhttp://koha.tu.koszalin.pl/cgi-bin/koha/opac-detail.pl?biblionumber=31254
_yKatalog online BPK